[Event "World Blitz Women 2025"]
[Site "Doha QAT"]
[Date "2025.12.29"]
[Round "7.22"]
[White "Girya, Olga"]
[Black "Wang, Chuqiao"]
[Result "1/2-1/2"]
[WhiteTitle "GM"]
[BlackTitle "WIM"]
[WhiteElo "2398"]
[BlackElo "2235"]
[WhiteFideId "4195752"]
[BlackFideId "8631638"]
[EventDate "2025.12.29"]

1. d4 e6 2. c4 b6 3. e4 Bb4+ 4. Bd2 Bxd2+ 5. Nxd2 d5 6. cxd5 exd5 7. Bd3 Ne7 8.
Ngf3 O-O 9. O-O Bb7 10. Rc1 dxe4 11. Nxe4 Nbc6 12. Bb1 Nb4 13. Ne5 Ng6 14. a3
Nd5 15. Re1 Ndf4 16. Nxg6 hxg6 17. Qd2 Ne6 18. Rcd1 Qd5 19. b4 Rad8 20. Ba2 Qxd4
21. Bxe6 Qxd2 22. Bxf7+ Kxf7 23. Nxd2 Rd3 24. Nc4 Rxd1 25. Rxd1 Ke6 26. f3 Bd5
27. Ne3 Bb7 28. Rc1 Kd7 29. Kf2 Rc8 30. Ng4 Ke6 31. Re1+ Kd6 32. Ne5 c5 33. Nxg6
c4 34. Rd1+ Ke6 35. Nf4+ Ke5 36. Ne2 c3 37. Rc1 c2 38. Ke3 Ba6 39. Ng3 Bb5 40.
Kd2 Ba4 41. Nf1 Rd8+ 42. Kc3 Rc8+ 43. Kd2 Rd8+ 44. Kc3 Rc8+ 45. Kd2 1/2-1/2

[Event "World Blitz Women 2025"]
[Site "Doha QAT"]
[Date "2025.12.29"]
[Round "7.23"]
[White "Yakimova, Mariya"]
[Black "Kamalidenova, Meruert"]
[Result "1-0"]
[WhiteTitle "WFM"]
[BlackTitle "IM"]
[WhiteElo "2241"]
[BlackElo "2366"]
[WhiteFideId "34188859"]
[BlackFideId "13712802"]
[EventDate "2025.12.29"]

1. d4 Nf6 2. Nf3 g6 3. c4 Bg7 4. Nc3 O-O 5. Bg5 d6 6. e3 b6 7. Be2 Bb7 8. Qc2
Nbd7 9. O-O a6 10. b4 c5 11. bxc5 bxc5 12. d5 Rb8 13. Rab1 Qa5 14. e4 h6 15. Bd2
Qc7 16. h3 e6 17. Bd3 Rbe8 18. Rb3 Bc8 19. Rfb1 Nh7 20. Nd1 Qd8 21. Qc1 g5 22.
dxe6 fxe6 23. Bf1 Qe7 24. Bc3 e5 25. Ne3 Ndf6 26. Qc2 Qf7 27. Rb6 Rd8 28. Nh2 h5
29. Rd1 Ne8 30. Nf5 Qg6 31. Ne7+ Kf7 32. Nxg6 Kxg6 33. Ba5 Rd7 34. Rb8 Nef6 35.
Be2 Re8 36. f3 Nf8 37. Qa4 Ne6 38. Bc3 Nd4 39. Bxd4 exd4 40. Nf1 Rde7 41. Bd3
Kh6 42. Ng3 Bd7 43. Qb3 h4 44. Rxe8 Rxe8 45. Nf5+ Bxf5 46. exf5 Re7 47. Qb1 Nh5
48. Re1 Be5 49. Qb8 Nf4 50. Qf8+ Rg7 51. f6 Nxd3 52. Qxg7+ 1-0

[Event "World Blitz Women 2025"]
[Site "Doha QAT"]
[Date "2025.12.29"]
[Round "7.24"]
[White "Zhapova, Yana"]
[Black "Yu, Jennifer"]
[Result "0-1"]
[WhiteTitle "FM"]
[BlackTitle "FM"]
[WhiteElo "2260"]
[BlackElo "2276"]
[WhiteFideId "24278670"]
[BlackFideId "2078341"]
[EventDate "2025.12.29"]

1. e4 g6 2. d4 Bg7 3. Nf3 d6 4. Nc3 a6 5. Be2 Nf6 6. O-O O-O 7. a4 b6 8. Re1 Bb7
9. Bf1 e6 10. Bf4 h6 11. Qd2 Kh7 12. h3 Nbd7 13. Rad1 Qe7 14. e5 dxe5 15. dxe5
Nd5 16. Bh2 Rfd8 17. Ne4 Nc5 18. Nxc5 Qxc5 19. Nd4 Qe7 20. Qe2 c5 21. Nf3 Rd7
22. Nd2 Bc6 23. Ra1 Rad8 24. Ne4 b5 25. Nd6 f6 26. axb5 axb5 27. Nxb5 fxe5 28.
Ra6 Bb7 29. Ra5 Nb4 30. c3 Rd2 31. Qg4 Nc6 32. Raa1 Rxb2 33. Bc4 Qf7 34. Bxe6
Qxf2+ 35. Kh1 Nd4 36. Rg1 Nxb5 37. Raf1 Qe2 38. Bf7 Qxg4 0-1

[Event "World Blitz Women 2025"]
[Site "Doha QAT"]
[Date "2025.12.29"]
[Round "7.25"]
[White "Bodnaruk, Anastasia"]
[Black "Nomin-Erdene, Davaademberel"]
[Result "0-1"]
[WhiteTitle "IM"]
[BlackTitle "IM"]
[WhiteElo "2357"]
[BlackElo "2312"]
[WhiteFideId "4181751"]
[BlackFideId "4900782"]
[EventDate "2025.12.29"]

1. e4 e6 2. d4 d5 3. e5 c5 4. c3 Nc6 5. Nf3 Bd7 6. Be2 cxd4 7. cxd4 Nge7 8. Na3
Nf5 9. Nc2 Be7 10. O-O O-O 11. g4 Nh4 12. Nxh4 Bxh4 13. f4 f6 14. exf6 Bxf6 15.
Be3 Qb6 16. Rb1 a5 17. g5 Be7 18. Bd3 g6 19. h4 Be8 20. Qe2 Bd6 21. Rf2 Ne7 22.
Ne1 Nf5 23. Bxf5 Rxf5 24. Ng2 Bb5 25. Qd1 Qa6 26. Rc1 Bd3 27. Rc3 Be4 28. h5
Raf8 29. hxg6 hxg6 30. Nh4 R5f7 31. Qg4 Bb4 32. Rc1 Rh7 33. a3 Bd6 34. Qxe6+ Kg7
35. Qg4 Be7 36. Rc7 Qd6 37. Rd7 Rxh4 38. Rxe7+ Qxe7 39. Qxh4 Rh8 40. Qxh8+ 0-1

[Event "World Blitz Women 2025"]
[Site "Doha QAT"]
[Date "2025.12.29"]
[Round "7.26"]
[White "Padmini, Rout"]
[Black "Mkrtchyan, Mariam"]
[Result "1-0"]
[WhiteTitle "IM"]
[BlackTitle "WIM"]
[WhiteElo "2354"]
[BlackElo "2353"]
[WhiteFideId "5029295"]
[BlackFideId "13310828"]
[EventDate "2025.12.29"]

1. Nf3 d5 2. g3 g6 3. Bg2 Bg7 4. d4 Nf6 5. O-O O-O 6. c3 a5 7. a4 b6 8. c4 e6 9.
Nc3 Bb7 10. Ne5 Na6 11. b3 c5 12. e3 Qe7 13. Ba3 Rfd8 14. Nb5 Nb4 15. Qe2 Ne4
16. Rac1 f6 17. Nf3 Rac8 18. Rfd1 Ba8 19. Ne1 e5 20. cxd5 Bxd5 21. dxc5 Nxc5 22.
Bxb4 Bxg2 23. Bxc5 Qb7 24. Nxg2 1-0

[Event "World Blitz Women 2025"]
[Site "Doha QAT"]
[Date "2025.12.29"]
[Round "7.27"]
[White "Vo, Thi Kim Phung"]
[Black "Bivol, Alina"]
[Result "1-0"]
[WhiteTitle "WGM"]
[BlackTitle "IM"]
[WhiteElo "2322"]
[BlackElo "2360"]
[WhiteFideId "12401838"]
[BlackFideId "4100123"]
[EventDate "2025.12.29"]

1. d4 e6 2. c4 d5 3. Nc3 c6 4. Nf3 dxc4 5. a4 Bb4 6. e3 b5 7. Bd2 a5 8. Ne5 Nf6
9. axb5 Bxc3 10. bxc3 cxb5 11. Qb1 Bd7 12. Be2 O-O 13. Bf3 Ra7 14. O-O Qc7 15.
h3 Rd8 16. e4 Be8 17. Bf4 Qe7 18. Re1 h6 19. Be3 Ra6 20. Bf4 Rc8 21. Rc1 Ra7 22.
d5 exd5 23. exd5 Nbd7 24. Nc6 Rxc6 25. dxc6 Ne5 26. Qxb5 Nxf3+ 27. gxf3 Qe6 28.
Qb8 Qxc6 29. Qxa7 Qxf3 30. Qe3 Qh5 31. Be5 Bc6 32. Bxf6 Qg6+ 33. Qg3 Qxf6 34.
Rxa5 Qe6 35. Re5 Qd7 36. Kh2 Kh7 37. Rg1 g6 38. Rc5 h5 39. Rxc4 Qd5 40. Rd4 Qc5
41. Rf4 Bd5 42. Qe3 Qc7 43. c4 Be6 44. Qg3 Qc5 45. Rf6 Qc6 46. Rxg6 1-0

[Event "World Blitz Women 2025"]
[Site "Doha QAT"]
[Date "2025.12.29"]
[Round "7.28"]
[White "Rodriguez Redondo, Adhara"]
[Black "Mamedjarova, Turkan"]
[Result "0-1"]
[WhiteTitle "WFM"]
[BlackTitle "WGM"]
[WhiteElo "2207"]
[BlackElo "2216"]
[WhiteFideId "32065698"]
[BlackFideId "13402005"]
[EventDate "2025.12.29"]

1. e4 e5 2. Nf3 Nc6 3. Bc4 Bc5 4. d3 Nf6 5. Be3 d6 6. Bxc5 dxc5 7. Bb5 Qd6 8.
Nbd2 O-O 9. Nc4 Qe6 10. Bxc6 Qxc6 11. Ncxe5 Qd6 12. Nc4 Qe7 13. O-O b5 14. Ne3
c6 15. Re1 Rd8 16. Qe2 Nh5 17. g3 Qf6 18. e5 Qg6 19. Nh4 Qg5 20. Neg2 g6 21. f4
Qe7 22. Qe3 Ng7 23. Rad1 Be6 24. a3 a5 25. d4 c4 26. Nf3 Nf5 27. Qf2 h5 28. Ngh4
Nxh4 29. Nxh4 Bg4 30. Rd2 b4 31. a4 Rab8 32. Qg2 Be6 33. Qf3 Bd5 34. Qe2 c3 35.
bxc3 bxc3 36. Rdd1 Rb4 37. f5 Qg5 38. Qe3 Qxe3+ 39. Rxe3 g5 40. Nf3 g4 41. Ng5
Rxa4 42. Rxc3 Rb4 43. h4 a4 44. Re3 Rb2 45. Rd2 Ra2 46. Ne4 Bxe4 47. Rxe4 a3 48.
e6 f6 49. e7 Re8 50. Rd3 Ra1+ 51. Kg2 a2 52. Ra3 Kf7 53. Ra7 Rc1 54. Rxa2 Rxe7
55. Rxe7+ Kxe7 56. Kf2 Kd6 57. Ke3 Rf1 58. Ke4 Rf3 59. c4 Rxg3 60. Ra7 c5 61.
Ra6+ Kc7 62. d5 Rc3 63. Rxf6 g3 64. Rg6 Rxc4+ 65. Ke5 Rg4 66. Rc6+ Kd7 67. Rxc5
g2 68. Ra5 g1=Q 69. Ra7+ Kc8 70. d6 Qd4+ 71. Ke6 Re4+ 72. Kf7 Qxd6 0-1

[Event "World Blitz Women 2025"]
[Site "Doha QAT"]
[Date "2025.12.29"]
[Round "7.29"]
[White "Vantika, Agrawal"]
[Black "Kaliakhmet, Elnaz"]
[Result "0-1"]
[WhiteTitle "IM"]
[BlackTitle "WIM"]
[WhiteElo "2369"]
[BlackElo "2329"]
[WhiteFideId "25050389"]
[BlackFideId "13730169"]
[EventDate "2025.12.29"]

1. d4 d5 2. c4 e6 3. Nf3 Nf6 4. g3 dxc4 5. Bg2 a6 6. O-O Nc6 7. Qc2 Nxd4 8. Nxd4
Qxd4 9. Nd2 c3 10. bxc3 Qc5 11. Rb1 Be7 12. c4 O-O 13. Ne4 Nxe4 14. Be3 Qh5 15.
Bf3 Qh3 16. Qxe4 Qf5 17. Qxf5 exf5 18. Bxb7 Bxb7 19. Rxb7 Bd6 20. c5 Be5 21. f4
Bf6 22. Rxc7 Rfe8 23. Kf2 Re4 24. Rd1 Rae8 25. Bc1 Rxe2+ 26. Kf3 Rxa2 27. Ra7
Rxh2 28. c6 Rc2 29. c7 h5 30. Rb7 Rc8 31. Rd7 Rxc1 32. Kg2 a5 33. Ra7 a4 34.
Rxa4 R1xc7 35. Rd5 Rc5 36. Rd7 R8c7 37. Rd3 Kh7 38. Ra2 Kg6 39. Re2 Rc2 40. Kf3
Rxe2 41. Kxe2 h4 42. Kf3 hxg3 43. Kxg3 Rc3 44. Rxc3 Bxc3 45. Kf3 Kf6 46. Ke3 g5 0-1

[Event "World Blitz Women 2025"]
[Site "Doha QAT"]
[Date "2025.12.29"]
[Round "7.30"]
[White "Kurmangaliyeva, Liya"]
[Black "Koneru, Humpy"]
[Result "0-1"]
[WhiteTitle "FM"]
[BlackTitle "GM"]
[WhiteElo "2339"]
[BlackElo "2535"]
[WhiteFideId "13725831"]
[BlackFideId "5008123"]
[EventDate "2025.12.29"]

1. Nf3 Nf6 2. g3 b5 3. Bg2 Bb7 4. O-O e6 5. d3 c5 6. e4 d6 7. d4 Nbd7 8. e5 dxe5
9. dxe5 Nd5 10. Nbd2 c4 11. Ne4 Be7 12. Qe2 O-O 13. h4 Qc7 14. Neg5 h6 15. Nh3
Rae8 16. Re1 f6 17. exf6 Bxf6 18. c3 Nc5 19. Nf4 Qb6 20. Ng6 Rf7 21. Nfe5 Bxe5
22. Nxe5 Rf6 23. Ng4 Rff8 24. Ne5 Nd3 25. Nxd3 cxd3 26. Qf1 Nf6 27. Bxb7 Qxb7
28. Qxd3 Ng4 29. Be3 Ne5 30. Qd6 Nf3+ 31. Kf1 Nxe1 32. Rxe1 Qh1+ 33. Ke2 Qf3+
34. Kf1 a5 35. Bd4 Qh1+ 36. Ke2 Qf3+ 37. Kf1 Rf7 38. Rxe6 Qh1+ 39. Ke2 Qf3+ 40.
Kd2 Rxe6 41. Qxe6 Kh7 42. Kc2 b4 43. Kb3 bxc3 44. bxc3 Rb7+ 45. Kc4 Rc7+ 46. Kb3
Qd1+ 47. Ka3 Qc1+ 48. Ka4 Qc2+ 49. Qb3 Qe4 50. Qb6 Rc6 51. Qb5 Rc7 52. Ka3 Qe6
53. Qd3+ Kg8 54. Qb5 Qe7+ 55. Ka4 Qe6 56. Qb8+ Rc8 57. Qb3 Rc4+ 58. Ka3 Kh7 59.
Qb1+ Qg6 60. Qxg6+ Kxg6 61. Kb3 Rc8 62. Ka4 Kf7 63. Kb5 g6 64. a4 Ra8 65. c4 Ke6
66. Bb6 Rf8 67. Kxa5 Rf5+ 68. Ka6 Kd6 69. Be3 h5 70. Kb6 Rf8 71. c5+ Kd5 72. a5
Rb8+ 73. Ka7 Rb5 74. a6 Kc6 75. Ka8 Kc7 76. Bf4+ Kc8 77. Bd6 Rb3 78. Ka7 Rb5 79.
c6 Rb2 80. Bc5 Rb5 81. Bb6 Rb2 82. Be3 Rb5 0-1

[Event "World Blitz Women 2025"]
[Site "Doha QAT"]
[Date "2025.12.29"]
[Round "7.31"]
[White "Tarasenka, Aliaksandra"]
[Black "Kosteniuk, Alexandra"]
[Result "1-0"]
[WhiteTitle "WIM"]
[BlackTitle "GM"]
[WhiteElo "2266"]
[BlackElo "2483"]
[WhiteFideId "13514288"]
[BlackFideId "4128125"]
[EventDate "2025.12.29"]

1. e4 c6 2. Nf3 d5 3. Nc3 dxe4 4. Nxe4 Nf6 5. Qe2 Bf5 6. Nxf6+ gxf6 7. d4 Qd5 8.
c4 Qe4 9. Be3 Bg4 10. Nd2 Bxe2 11. Nxe4 Bxf1 12. Rxf1 Nd7 13. O-O-O f5 14. Ng3
e6 15. d5 cxd5 16. cxd5 Bg7 17. Rfe1 Nf6 18. Bd4 O-O 19. dxe6 fxe6 20. Rxe6
Rac8+ 21. Kb1 Kf7 22. Rde1 Kg6 23. h4 h5 24. Re7 Rfd8 25. Bc3 Rxc3 26. bxc3 Nd5
27. R1e6+ Bf6 28. Rxb7 Nxc3+ 29. Kc2 Nd5 30. Rxa7 Nb4+ 31. Kb3 Nd3 32. Rc7 Rb8+
33. Kc4 Nxf2 34. Nxh5 Kxh5 35. Rxf6 Kg4 36. Rg7+ Kf4 37. Rgf7 Rc8+ 38. Kd5 Rd8+
39. Kc6 Nd3 40. Rxf5+ Ke4 41. Kc7 Ra8 42. Rf1 Ra7+ 43. Kb6 Rxa2 44. Re7+ Kd4 45.
Rd7+ Kc4 46. g4 Rb2+ 47. Kc7 Ne5 48. Rg7 Ra2 49. Kd6 Nd3 50. h5 Ra6+ 51. Ke7 Ne5
52. h6 Nc6+ 53. Kf7 Ne5+ 54. Kg8 Rxh6 55. g5 Ra6 56. Kh7 Kd5 57. Re1 Nf3 58. Re3
Nh4 59. Rd7+ Kc4 60. Rf7 Kd4 61. Rh3 Ng2 62. g6 Kd5 1-0

[Event "World Blitz Women 2025"]
[Site "Doha QAT"]
[Date "2025.12.29"]
[Round "7.32"]
[White "Tokhirjonova, Gulrukhbegim"]
[Black "Dzagnidze, Nana"]
[Result "1-0"]
[WhiteTitle "IM"]
[BlackTitle "GM"]
[WhiteElo "2372"]
[BlackElo "2469"]
[WhiteFideId "14203626"]
[BlackFideId "13601903"]
[EventDate "2025.12.29"]

1. e4 c5 2. Nf3 a6 3. d4 cxd4 4. Nxd4 Nf6 5. Bd3 e5 6. Nf3 d6 7. h3 Be7 8. O-O
O-O 9. c4 Be6 10. Nc3 Nbd7 11. b3 g6 12. a4 Nh5 13. Bh6 Re8 14. Qd2 Bf8 15. Bxf8
Rxf8 16. Bc2 Nf4 17. Qxd6 Qf6 18. Bd1 Rfd8 19. Nd5 Qg7 20. Nxf4 exf4 21. Bc2 g5
22. Qd4 Nf6 23. Qe5 h6 24. Nd4 Re8 25. Nxe6 Rxe6 26. Qf5 Rae8 27. Qc5 Re5 28.
Qc7 R5e7 29. Qb6 h5 30. Rae1 g4 31. h4 f3 32. g3 Nxe4 33. Bxe4 Rxe4 34. Rxe4
Rxe4 35. Qxb7 Qe5 36. Qxa6 Re1 37. c5 Qa1 38. c6 Rxf1+ 39. Qxf1 Qc3 40. a5 Qxb3
41. Qc1 Qe6 42. c7 Qc8 43. a6 Kg7 44. a7 1-0

[Event "World Blitz Women 2025"]
[Site "Doha QAT"]
[Date "2025.12.29"]
[Round "7.33"]
[White "Mammadzada, Gunay"]
[Black "Nandhidhaa, P V"]
[Result "1-0"]
[WhiteTitle "IM"]
[BlackTitle "WGM"]
[WhiteElo "2390"]
[BlackElo "2257"]
[WhiteFideId "13403729"]
[BlackFideId "5050847"]
[EventDate "2025.12.29"]

1. Nf3 c5 2. e4 Nc6 3. Bb5 Nf6 4. d3 Qc7 5. Bxc6 dxc6 6. h3 e5 7. Nbd2 Nd7 8. a4
f6 9. Nc4 Be7 10. O-O Nf8 11. Nh4 Ne6 12. Nf5 g6 13. Nxe7 Qxe7 14. Bh6 Bd7 15.
c3 O-O-O 16. Be3 Be8 17. b4 Bf7 18. Qc2 cxb4 19. Bxa7 Nc5 20. cxb4 Nxd3 21. b5
c5 22. Rfd1 Bxc4 23. Qxc4 Rd4 24. Qc3 Rhd8 25. Bb6 R8d7 26. Qa5 R7d6 27. Qa8+
Kd7 28. Qxb7+ Ke6 29. Qxe7+ Kxe7 30. Rxd3 Rxd3 31. Bxc5 Kd7 32. Bxd6 Kxd6 33. a5
Kc7 34. b6+ Kb8 35. a6 Rd7 36. a7+ Ka8 37. Rc1 Rd8 38. Kh2 Kb7 39. Rc7+ Kxb6 40.
Rxh7 Rf8 41. Rf7 Rg8 42. Rxf6+ Kxa7 43. Re6 Kb7 44. Rxe5 Kc6 45. h4 Kd6 46. f4
Rf8 47. Kg3 Rb8 48. Rg5 Rg8 49. h5 1-0

[Event "World Blitz Women 2025"]
[Site "Doha QAT"]
[Date "2025.12.29"]
[Round "7.34"]
[White "Krush, Irina"]
[Black "Rudzinska, Michalina"]
[Result "0-1"]
[WhiteTitle "GM"]
[BlackTitle "WGM"]
[WhiteElo "2402"]
[BlackElo "2206"]
[WhiteFideId "2012782"]
[BlackFideId "1172883"]
[EventDate "2025.12.29"]

1. c4 e6 2. Nf3 d5 3. g3 Nf6 4. Bg2 Be7 5. O-O O-O 6. d4 c6 7. Nbd2 b6 8. Qc2 c5
9. cxd5 exd5 10. b3 Nc6 11. Bb2 Ba6 12. Rfe1 Rc8 13. dxc5 bxc5 14. Rac1 Re8 15.
Ng5 Nd4 16. Bxd4 cxd4 17. Qb2 Rxc1 18. Rxc1 Qb6 19. Ngf3 Bc5 20. a3 Bxe2 21. b4
Bd6 22. Qxd4 Qa6 23. Nb1 h6 24. Nh4 Be5 25. Qd2 Bc4 26. Nf3 Bd6 27. Nd4 Ne4 28.
Qe3 Qa4 29. Re1 Kf8 30. Nc3 Qxa3 31. Nxe4 Qxe3 32. Rxe3 dxe4 33. Nc6 Bd5 34.
Nxa7 Bxb4 35. Nb5 Bc5 36. Re1 Bc4 37. Nc7 Re7 38. Rxe4 Rxc7 39. Rxc4 Bxf2+ 40.
Kxf2 Rxc4 41. Bf3 Ke7 42. Kg2 f5 43. Bd5 Rc2+ 44. Kh3 Kf6 45. Bb3 Rc3 46. Bd5
Ke5 47. Bb7 g5 48. Ba8 Ra3 49. Bb7 Ra2 50. Bc6 g4+ 0-1

[Event "World Blitz Women 2025"]
[Site "Doha QAT"]
[Date "2025.12.29"]
[Round "7.35"]
[White "Preobrazhenskaya, Diana"]
[Black "Bulmaga, Irina"]
[Result "0-1"]
[WhiteTitle "WFM"]
[BlackTitle "IM"]
[WhiteElo "2131"]
[BlackElo "2389"]
[WhiteFideId "34270566"]
[BlackFideId "13903063"]
[EventDate "2025.12.29"]

1. e4 e5 2. Nf3 Nc6 3. Bb5 a6 4. Ba4 d6 5. O-O Bd7 6. c4 Nf6 7. Nc3 Bg4 8. h3
Bxf3 9. Qxf3 Be7 10. Qe3 Nd7 11. Bxc6 bxc6 12. d4 exd4 13. Qxd4 Bf6 14. Qd3 Nc5
15. Qc2 O-O 16. Bf4 Re8 17. Rfe1 Bxc3 18. bxc3 Qf6 19. Bh2 Rad8 20. f4 Qe6 21.
e5 Qxc4 22. exd6 cxd6 23. Rad1 d5 24. f5 Ne4 25. Re3 f6 26. Rd4 Qc5 27. Bf4 Nd6
28. Rxe8+ Rxe8 29. Kh2 Nb5 30. Rd3 Re4 31. Bg3 h6 32. Rf3 Nd4 33. Qf2 Nxf3+ 34.
Qxf3 Qe3 35. Qh5 c5 36. Bd6 d4 37. cxd4 cxd4 38. Qd1 Kh7 39. Qh5 Qg5 40. Qf3 Re3
41. Qd5 d3 42. Bc7 d2 43. Ba5 Re5 44. Qxd2 Qxd2 45. Bxd2 Re2 46. Bb4 Rxa2 47.
Kg3 a5 48. Bd6 a4 49. Kf3 Rd2 50. Bb4 Rd3+ 51. Ke4 Rb3 52. Bd6 a3 53. Bc5 a2 54.
Bd4 Rb4 55. Ke3 Rxd4 56. Kxd4 0-1

[Event "World Blitz Women 2025"]
[Site "Doha QAT"]
[Date "2025.12.29"]
[Round "7.36"]
[White "Fataliyeva, Ulviyya"]
[Black "Shvedova, Alexandra"]
[Result "0-1"]
[WhiteTitle "IM"]
[BlackTitle "WIM"]
[WhiteElo "2434"]
[BlackElo "2255"]
[WhiteFideId "13403052"]
[BlackFideId "54154782"]
[EventDate "2025.12.29"]

1. Nf3 Nf6 2. d4 d5 3. c3 e6 4. Bf4 Bd6 5. e3 c5 6. Nbd2 Qc7 7. Bg3 Nbd7 8. Bd3
O-O 9. Rc1 e5 10. dxe5 Nxe5 11. Nxe5 Bxe5 12. Nf3 Bxg3 13. hxg3 h6 14. c4 Be6
15. cxd5 Bxd5 16. b3 Rad8 17. Qc2 b6 18. O-O Qe7 19. Rfe1 Ne4 20. Nh2 Rfe8 21.
Nf1 Qg5 22. Rcd1 Qe5 23. Bb5 Rf8 24. f3 Nc3 25. Rxd5 Nxd5 26. e4 Nb4 27. Qe2
Qd4+ 28. Kh1 Nd3 29. Rb1 Ne5 30. Ne3 Qd2 31. Nd5 Qxe2 32. Bxe2 Nc6 33. Bc4 Kh8
34. f4 Rfe8 35. e5 Na5 36. Nc7 Re7 37. Nb5 Nxc4 38. bxc4 Rd2 39. a3 Rd3 40. a4
Rxg3 41. Nd6 Ra3 42. Re1 Rxa4 43. f5 Ra2 44. e6 fxe6 45. fxe6 Rd2 46. Nc8 Re8
47. Nxa7 Rd6 48. e7 Rd7 49. Nc6 Rc7 50. Re6 Kg8 51. Kh2 Rd7 52. Kg3 Rd3+ 53. Kf2
Rc3 54. Ne5 Rc2+ 55. Kf3 Rc1 56. Rxb6 Rxe7 57. Nd3 Rc3 58. Rd6 Rxc4 59. Nf4 Rf7
60. g3 g5 0-1

[Event "World Blitz Women 2025"]
[Site "Doha QAT"]
[Date "2025.12.29"]
[Round "7.37"]
[White "Khamdamova, Afruza"]
[Black "Beydullayeva, Govhar"]
[Result "0-1"]
[WhiteTitle "WGM"]
[BlackTitle "WGM"]
[WhiteElo "2403"]
[BlackElo "2364"]
[WhiteFideId "14210444"]
[BlackFideId "13413015"]
[EventDate "2025.12.29"]

1. e4 c5 2. Nf3 d6 3. d4 cxd4 4. Nxd4 Nf6 5. Nc3 a6 6. Be3 e5 7. Nb3 Be6 8. Be2
Be7 9. Nd5 Nbd7 10. Qd3 Bxd5 11. exd5 Rc8 12. c4 O-O 13. O-O a5 14. Nd2 Ne8 15.
Bg4 g6 16. Bxd7 Qxd7 17. f4 exf4 18. Bxf4 f5 19. Rae1 Ng7 20. Nf3 Bf6 21. b3
Rfe8 22. Nd4 Be5 23. Bh6 Nh5 24. Ne6 Nf6 25. Bf4 Ne4 26. Bxe5 dxe5 27. Qe3 b5
28. g4 Rxe6 29. dxe6 Qxe6 30. cxb5 Rc3 31. Qe2 Rh3 32. gxf5 Qb6+ 33. Kg2 Rh4 34.
Qe3 Qb7 35. Qf3 gxf5 36. Kh1 Ng3+ 37. Kg2 Ne4 38. Kg1 Qg7+ 39. Kh1 Ng3+ 40. Kg2
Nxf1+ 41. Kxf1 Rf4 42. Qxf4 exf4 43. b6 Qb7 44. Re6 Qf3+ 45. Ke1 Qh1+ 46. Ke2 0-1

[Event "World Blitz Women 2025"]
[Site "Doha QAT"]
[Date "2025.12.29"]
[Round "7.38"]
[White "Rakshitta, Ravi"]
[Black "Jarocka, Liwia"]
[Result "0-1"]
[WhiteTitle "WGM"]
[BlackTitle "FM"]
[WhiteElo "2381"]
[BlackElo "2258"]
[WhiteFideId "25073230"]
[BlackFideId "21807558"]
[EventDate "2025.12.29"]

1. e4 d6 2. d4 Nf6 3. Nc3 e5 4. Nf3 Nbd7 5. Be2 c6 6. a4 Be7 7. h3 O-O 8. Be3
Re8 9. O-O Bf8 10. d5 cxd5 11. exd5 b6 12. a5 bxa5 13. Na4 Nb6 14. Bb5 Bd7 15.
Bxd7 Nfxd7 16. b3 e4 17. Ne1 Ne5 18. c4 g6 19. Bd2 Nbd7 20. Bc3 Bg7 21. Qd2 Nc5
22. Nxc5 dxc5 23. Bxa5 Qh4 24. Bc3 Rab8 25. Rxa7 Rxb3 26. Ba1 e3 27. fxe3 Nxc4
28. Qc2 Rbxe3 29. Bxg7 Rxe1 30. Qf2 Qxf2+ 31. Kxf2 Rxf1+ 32. Kxf1 Kxg7 33. Rc7
Ne3+ 34. Kf2 Nxd5 35. Rxc5 Nf6 36. Ra5 h5 37. Ra1 Rb8 38. Kg3 Rb3+ 39. Kf4 Rb4+
40. Kf3 h4 41. Ra6 Nh5 42. Ra5 Rf4+ 43. Ke3 Rf5 44. Ra4 g5 45. Ra7 Kg6 46. Ra6+
f6 47. Ra8 Nf4 48. Ra2 Rb5 49. Kf3 Rb3+ 50. Ke4 Rg3 51. Ra8 Rxg2 52. Rg8+ Kf7
53. Ra8 Nxh3 54. Kf3 Rg3+ 55. Ke2 Nf4+ 0-1

[Event "World Blitz Women 2025"]
[Site "Doha QAT"]
[Date "2025.12.29"]
[Round "7.39"]
[White "Pham, Le Thao Nguyen"]
[Black "Kairbekova, Amina"]
[Result "1-0"]
[WhiteTitle "IM"]
[BlackTitle "WGM"]
[WhiteElo "2348"]
[BlackElo "2353"]
[WhiteFideId "12401226"]
[BlackFideId "13712799"]
[EventDate "2025.12.29"]

1. d4 Nf6 2. Nf3 g6 3. g3 Bg7 4. Bg2 d6 5. O-O O-O 6. b3 Nfd7 7. Bb2 Nc6 8. c4
e5 9. dxe5 dxe5 10. Nc3 Re8 11. Nd2 f5 12. Nd5 Nc5 13. b4 Ne6 14. e3 e4 15. Bxg7
Nxg7 16. Nb3 Ne5 17. Qc2 c6 18. Nf4 g5 19. Rfd1 Qf6 20. Ne2 Be6 21. Nc5 b6 22.
Nxe6 Qxe6 23. c5 Qh6 24. Rd6 Qh5 25. Nd4 g4 26. Kh1 bxc5 27. bxc5 Rac8 28. Rb1
Rf8 29. Rb7 Nf3 30. Nxf3 gxf3 31. Bf1 Kh8 32. Rdd7 Rg8 33. Qc3 Qh6 34. h4 Rb8
35. Rxg7 Qxg7 36. Qxg7+ Rxg7 37. Rxb8+ Rg8 38. Rxg8+ Kxg8 39. Ba6 Kf7 40. Bb7
Ke6 41. Bxc6 a5 42. a4 h6 43. Kg1 Ke5 44. Kf1 1-0

[Event "World Blitz Women 2025"]
[Site "Doha QAT"]
[Date "2025.12.29"]
[Round "7.40"]
[White "Savitha, Shri B"]
[Black "Gaboyan, Susanna"]
[Result "1-0"]
[WhiteTitle "IM"]
[BlackTitle "WIM"]
[WhiteElo "2334"]
[BlackElo "2182"]
[WhiteFideId "35061887"]
[BlackFideId "13303627"]
[EventDate "2025.12.29"]

1. e4 c5 2. Nf3 Nc6 3. d4 cxd4 4. Nxd4 Nf6 5. Nc3 e5 6. Ndb5 d6 7. Bg5 a6 8. Na3
b5 9. Nd5 Be7 10. Bxf6 Bxf6 11. c3 Bg5 12. Nc2 Ne7 13. h4 Bh6 14. a4 bxa4 15.
Ncb4 O-O 16. Be2 a5 17. Nxe7+ Qxe7 18. Nd5 Qb7 19. g4 Bf4 20. Qc2 Rb8 21. Ra2
Be6 22. c4 Bxd5 23. exd5 Qb4+ 24. Kf1 Rfc8 25. Rxa4 Qc5 26. Kg2 Qxd5+ 27. Bf3
Qc5 28. Rd1 Rb4 1-0

[Event "World Blitz Women 2025"]
[Site "Doha QAT"]
[Date "2025.12.29"]
[Round "7.41"]
[White "Gu, Xiaobing"]
[Black "Mammadova, Gulnar"]
[Result "1-0"]
[WhiteTitle "WGM"]
[BlackTitle "IM"]
[WhiteElo "2106"]
[BlackElo "2330"]
[WhiteFideId "8602611"]
[BlackFideId "13403508"]
[EventDate "2025.12.29"]

1. d4 Nf6 2. Nc3 d5 3. Bf4 a6 4. e3 g6 5. h4 Bg7 6. Be2 h5 7. Nf3 Nbd7 8. Qd2 b5
9. a3 Nb6 10. Ne5 Bb7 11. Qd3 Ne4 12. f3 Nxc3 13. Qxc3 Na4 14. Qb4 Qd6 15. Bxb5+
axb5 16. Qxb5+ Bc6 17. Nxc6 Qd7 18. Qb7 O-O 19. b3 Nc5 20. Qxc7 Qxc7 21. Bxc7
Bf6 22. Bf4 Ne6 23. Bh6 Rfc8 24. Nb4 Kh7 25. Bg5 Nxg5 26. hxg5 Bxg5 27. Kd2 f6
28. Kd3 Rd8 29. a4 e5 30. a5 Re8 31. Nxd5 exd4 32. exd4 Rab8 33. b4 Red8 34. c4
f5 35. a6 1-0